| 000 | 00447nam a2200181Ia 4500 | ||
|---|---|---|---|
| 001 | 57551 | ||
| 008 | 140505n ii |||gr||||Z||||||465 | ||
| 020 | _a81-852229-68-6 | ||
| 082 | _a572.9 | ||
| 100 |
_aHabib, _eIrfan., |
||
| 245 | 0 |
_aPrehistory _cIrfan Habib _hTextual Documents |
|
| 250 | _aIst ed-2001. | ||
| 260 |
_aNew Delhi _bTulika Books |
||
| 300 |
_a76p: _c24cm. |
||
| 653 | _aPrehistory | ||
| 653 | _aG-Anthropology | ||
| 942 |
_2ddc _cBK |
||
| 999 |
_c57459 _d57459 |
||